|
|
|
|
| LEADER |
00000cam a2200000 7i4500 |
| 001 |
0000027857 |
| 005 |
20180219.0 |
| 008 |
180206 my o may |
| 020 |
|
|
|a 9789676126054
|
| 040 |
|
|
|a INS
|b eng
|e rda
|
| 090 |
0 |
0 |
|a TT840.S66
|b A933154 2009
|
| 245 |
0 |
0 |
|a A-Z jahitan smoking
|c penterjemah Farah Eleena Ahmad Mahdzan
|
| 264 |
|
1 |
|a Kuala Lumpur :
|b Utusan Publications & Distributors
|c 2009
|
| 300 |
|
|
|a 127 page :
|b color illustration, color photographs ;
|c 30cm.
|
| 336 |
|
|
|a text
|2 rdacontent
|
| 337 |
|
|
|a unmediated
|2 rdamedia
|
| 338 |
|
|
|a volume
|2 rdacarrier
|
| 490 |
1 |
|
|a Siri popular A-Z
|
| 500 |
|
|
|a Buku ketiga dalam Siri Popular A-Z
|
| 500 |
|
|
|a Manual lengkap untuk mereka yang baru belajar menyulam. Lebih 1000 fitigrah berwarna dan langkah-langkah jahitan untuk anda cuba
|
| 650 |
|
0 |
|a Embroidery
|x Patterns
|
| 650 |
|
0 |
|a Needlework
|
| 650 |
|
0 |
|a Smoking
|
| 700 |
0 |
|
|a Farah Eleena Ahmad Mahdzan ,
|e translator
|
| 999 |
|
|
|a 1000003178
|b BOOK
|c Open Shelf
|e Default branch
|